Vigilar y Alimentar (Registro nro. 165)
[ vista simple ]
| 000 -LEADER | |
|---|---|
| fixed length control field | 02516nam a22001697a 4500 |
| 003 - CONTROL NUMBER IDENTIFIER | |
| control field | OSt |
| 005 - DATE AND TIME OF LATEST TRANSACTION | |
| control field | 20231219113709.0 |
| 008 - FIXED-LENGTH DATA ELEMENTS--GENERAL INFORMATION | |
| fixed length control field | 231219s2019 ag ||||| |||| 00| 0 spa d |
| 020 ## - INTERNATIONAL STANDARD BOOK NUMBER | |
| International Standard Book Number | 9789876772532 |
| 040 ## - CATALOGING SOURCE | |
| Transcribing agency | besoc |
| 100 ## - MAIN ENTRY--PERSONAL NAME | |
| Personal name | Grimblat, Sebastian |
| Relator term | autor |
| 245 ## - TITLE STATEMENT | |
| Title | Vigilar y Alimentar |
| Remainder of title | La metamorfosis de las políticas públicas, de la vigilancia disciplinar a las tecnologías de control y monitoreo. |
| Statement of responsibility, etc. | Sebastián Grimblat |
| 260 ## - PUBLICATION, DISTRIBUTION, ETC. | |
| Place of publication, distribution, etc. | Rosario |
| Name of publisher, distributor, etc. | Laborde Editor |
| Date of publication, distribution, etc. | 2019 |
| 300 ## - PHYSICAL DESCRIPTION | |
| Extent | 314 p. |
| 520 ## - SUMMARY, ETC. | |
| Summary, etc. | El hambre es más que un estado biológico, es una significación social, en la medida en que su aprehensión admite un juego semántico que se inscribe en una red compleja de políticas públicas y de dispositivos, tanto culturales como de asistencia, detección y prevención. En cuanto problemática social, anuda la expresión más rústica del sujeto con la necesidad, aquella que se relaciona con la satisfacción de la existencia biológica y, también, la social e identitaria. La percepción del hambre, la pobreza y el riesgo nutricional por parte del Estado ha variado en el decurso del siglo XX. Buena parte del siglo pasado ha estado signado, en primer lugar, por la concepción conceptual y metodológica de los dispositivos higienistas, heredados desde finales del siglo XIX, que se extendieron hasta la mitad del siglo siguiente. En la segunda mitad del siglo XX se suscitaron diversos cambios por las consecuencias socio-políticas de la segunda guerra mundial. Con el inicio de la guerra fría, se impulsó desde los organismos internacionales nucleados en las Naciones Unidas una serie de transformaciones orientadas al llamado «tercer mundo» y países en vías de desarrollo, que fueron instituyendo mutaciones en la consistencia del suelo ideológico de las políticas públicas y sus prácticas. Progresivamente se produce el pasaje de la vigilancia disciplinar a las tecnologías de control; proceso que implica la puesta en acto de un nuevo modo de sujeción social diseñado no solo para habitar, sino también para colonizar un nuevo mundo, en el cual la «línea de flotación» de la existencia social de las personas, comienza a regirse por la inclusión en el consumo y el mercado. El ideal de «libertad» neoliberal, se materializa para quienes están por encima de la mencionada línea, pero quienes no logran mantenerse a flote y quedan por debajo de ella, los espera el bajo mundo de las políticas asistenciales y sus monitoreos estratégicos.<br/> |
| 942 ## - ADDED ENTRY ELEMENTS (KOHA) | |
| Source of classification or shelving scheme | Universal Decimal Classification |
| Koha item type | Libro de préstamo a domicilio |
| Suppress in OPAC | No |
No hay ítems disponibles.